000 00463nam a2200193Ia 4500
003 OSt
005 20240507140536.0
008 210210b1975 xxu||||| |||| 00| 0 eng d
040 _cAL
041 _akan
082 _a305.8954K RAMK
100 _aRAMANUJAM (P S).
_9163591
245 _aKodavaru
260 _aMysore.
_bPrasaranga Maisuru University.,
_c1975
300 _axii,207
690 _aEthnic Groups
_9163592
906 _aSG00209
942 _2ddc
_cSG
999 _c111889
_d111889